Crime & punishment : (Record no. 9264)
[ view plain ]
| 000 -LEADER | |
|---|---|
| fixed length control field | 00672nam a2200217 a 4500 |
| 001 - CONTROL NUMBER | |
| control field | 9264 |
| 003 - CONTROL NUMBER IDENTIFIER | |
| rucl marc code | BD-RUCL |
| 005 - DATE AND TIME OF LATEST TRANSACTION | |
| control field | 20211208234740.0 |
| 008 - FIXED-LENGTH DATA ELEMENTS--GENERAL INFORMATION | |
| fixed length control field | 140120s1973 enk 000 0 eng |
| 035 ## - SYSTEM CONTROL NUMBER | |
| System control number | (BD-RUC)9309 |
| 040 ## - CATALOGING SOURCE | |
| Original cataloging agency | MSC |
| Modifying agency | BD-RUC |
| Language of cataloging | eng |
| Transcribing agency | BD-RjUL |
| 041 ## - LANGUAGE CODE | |
| Language code of text/sound track or separate title | eng |
| 082 ## - DEWEY DECIMAL CLASSIFICATION NUMBER | |
| Classification number | 364.15 |
| Author mark and year | DOC 1973 |
| 090 ## - LOCALLY ASSIGNED LC-TYPE CALL NUMBER (OCLC); LOCAL CALL NUMBER (OCLC) | |
| Classification number (OCLC) (R) ; Classification number, CALL (RLIN) (NR) | PG3326 |
| Local cutter number (OCLC) ; Book number/undivided call number, CALL (RLIN) | .P7 1973 |
| 100 1# - MAIN ENTRY--PERSONAL NAME | |
| Personal name | Dostoyevsky, Fyodor, |
| Dates associated with a name | 1821-1881. |
| 9 (RLIN) | 28764 |
| 245 10 - TITLE STATEMENT | |
| Title | Crime & punishment : |
| Remainder of title | a novel in six parts and an epilogue / |
| Statement of responsibility, etc. | by F.M. Dostoevsky ; translated by Jessie Coulson |
| 260 ## - PUBLICATION, DISTRIBUTION, ETC. (IMPRINT) | |
| Place of publication, distribution, etc. | Oxford University Press : |
| Name of publisher, distributor, etc. | London, |
| Date of publication, distribution, etc. | [1973] |
| 300 ## - PHYSICAL DESCRIPTION | |
| Pagination | xiv, 527 p ; |
| Size | 16 cm |
| 942 ## - ADDED ENTRY ELEMENTS (KOHA) | |
| Source of classification or shelving scheme | Dewey Decimal Classification |
| Koha item type | Books |
| Lost status | Source of classification or shelving scheme | Damaged status | Not for loan | Collection code | Permanent Location | Current Location | Shelving location | Date acquired | Source of acquisition | Total Checkouts | Full call number | Date last seen | Copy number | Koha item type |
|---|---|---|---|---|---|---|---|---|---|---|---|---|---|---|
| Dewey Decimal Classification | Not For Loan | Fiction | Central Library, University of Rajshahi | Central Library, University of Rajshahi | Reading Room | 12/11/1990 | Shawkat mahmud | 364.15 DOC 1973 | 20/01/2014 | C-1 | Books |